000 00778nab a22002417a 4500
001 22483
003 HDC
007 cr bn ---aaaaa
008 210128c20160519my ||||| |||| 00| 0 may d
040 _aHDC
100 _aSyarifah Dayana Syed Bakri,
_eauthor
_97667
245 0 _aTingkat Jualan Eksport 60% /
_bSyarifah Dayana Syed Bakri
336 _atext
_2rdacontent
337 _acomputer
_2rdamedia
338 _aonline resource
_2rdacarrier
650 _aBusiness growth
_92219
650 _aBusiness
_9207
710 _aHarian Metro
856 _zRequest full-text at [email protected]
942 _2lcc
942 _cNEWS
942 _kNWSC 006616
999 _c19799
_d19799